00357cam a22001217a 4500008004000000082001300040100001800053245006500071260002600136300001000162650003000172650003300202180718b1977 xxu||||| |||| 00| 0 eng d aDx54 N17 aNesenko, Yuri aJawaharlal Nehru and India's foreign policycby Yuri Nasenko aDelhibSterlingc1977 a351p. aIndia --Foreign relations aNehru, Jawaharlal, 1889-1964